TV Themes by Three Words Quiz Stats

 Plays Quiz Updated Jun 23, 2019

Score 0/25 Timer 09:00
5 Plays Today
Lyrics Show % Correct
A Pineapple UnderSpongeBob SquarePants
82.8%
Men, Manly MenTwo and a Half Men
74.1%
Mysterious and SpookyThe Addams Family
73.5%
Math, Science, HistoryThe Big Bang Theory
70.7%
Horse of CourseMister Ed
68.9%
Passengers Set SailGilligan's Island
67.2%
Judy. Jane, HisThe Jetsons
64.9%
Job's a JokeFriends
62.9%
Gotta Catch 'EmPokémon
61.4%
Born and RaisedThe Fresh Prince of Bel Air
53.4%
Pools, Movie StarsThe Beverly Hillbillies
50.2%
Milkman, the PaperboyFull House
39%
All Your WorriesCheers
39%
Lyrics Show % Correct
Saturday, What AHappy Days
30.7%
Out of HistoryThe Flintstones
29.3%
Four Men LivingThe Brady Bunch
29.1%
Not the BossMalcolm in the Middle
28%
Used to RelyFamily Guy
26.3%
Sensational, Inspirational, CelebrationalThe Muppet Show
25.9%
Sweepin' the CloudsSesame Street
25%
Spouting 'Howdy Neighbor!'South Park
18.8%
Shake and ShiverScooby-Doo, Where Are You!
15%
Same Old ThingThat '70s Show
14.3%
Gotta Go FastSonic X
11.6%
This Beauty WoodMister Rogers' Neighborhood
7.1%

You're not logged in!

Compare scores with friends on all Sporcle quizzes.
OR
Log In

Sporcle TV

Today on Sporcle TV


Watch our educational content, quiz creation guides, and fun videos on Sporcle TV.

Show Comments

Extras

Top Quizzes Today


Score Distribution

Your Account Isn't Verified!

In order to create a playlist on Sporcle, you need to verify the email address you used during registration. Go to your Sporcle Settings to finish the process.

Report this User

Report this user for behavior that violates our Community Guidelines.

Details: